Colonial encounters : Europe and the native caribbean, 1492-1797 /
Сохранить в:
| Главный автор: | |
|---|---|
| Формат: | Неизвестно |
| Язык: | English |
| Опубликовано: |
Estados Unidos :
Methun & CO,
1986.
|
| Предметы: | |
| Метки: |
Добавить метку
Нет меток, Требуется 1-ая метка записи!
|
MARC
| LEADER | 000000000a22000000004500 | ||
|---|---|---|---|
| 001 | 002962 | ||
| 020 | |a 0416418600 | ||
| 041 | 0 | |a eng | |
| 082 | 0 | 4 | |a 972.902 |b H915c |
| 100 | 1 | |a Hulme, Peter | |
| 245 | 1 | 0 | |a Colonial encounters : |b Europe and the native caribbean, 1492-1797 / |c Peter Hulme. |
| 260 | 1 | |a Estados Unidos : |b Methun & CO, |c 1986. | |
| 300 | |a 348 páginas ; |c 22 cm. | ||
| 650 | 4 | |a INIGENAS | |
| 650 | 4 | |a RELACIONES CON LOS GOBIERNOS | |
| 650 | 4 | |a ANTILLAS | |
| 650 | 4 | |a PRIMER CONTACTO CON EUROPEOS | |
| 650 | 4 | |a OPINION PUBLICA | |
| 650 | 4 | |a EUROPA | |
| 650 | 4 | |a EL CARIBE, REGION | |
| 999 | |c 9286 |d 9286 | ||
| 942 | |c BK |h 972.902 H915c |2 z | ||



